• 首页
  • 本馆介绍
  • 公告通知
  • 最新文献
  • 馆藏检索
  • 电子资源
  • 读者导购
  • 参考咨询
  • 我的图书馆
  • 登录
  • 详细信息显示
  • 放入我的书架
  • 预约/预借图书
  • 作者相关作品
  • 分类相关作品
  • 丛书相关作品
  • 出版社相关作品

书目信息

  • 表格格式
  • 工作单格式
  • 卡片格式
题名:
多项式与多位数乘除开方新法
    
 
作者: 孟凯韬 著
分册:  
出版信息: 北京   科学普及出版社  1985
页数: 148页
开本: 19cm
丛书名:
单 册:
中图分类: O122 , G633.6
科图分类:
主题词: 多项式-计算方法 , 计算方法-多项式 , 教育--各级
电子资源:
ISBN:
000 00753nam0 2200277 45
001 0185010397
005 20040427150453.2
010    @dCNY0.73
091    @a13051.1458
100    @a19900904d1985 em y0chiy0121 ea
101 0  @achi
102    @aCN@b110000
105    @ay z 000yy
106    @ar
200 10 @a多项式与多位数乘除开方新法@Aduo xiang shi yu duo wei shu cheng chu kai fang xin fa@f孟凯韬著
210    @a北京@c科学普及出版社@d1985
215    @a148页@d19cm
606    @a多项式-计算方法
606    @a计算方法-多项式
606 0  @a教育@x各级
690    @aO122@v3
690    @aG633.6
701  0 @a孟凯韬@Ameng kai tao@4著
801  0 @aCN@b深圳图书馆@c20040427
801  2 @aCN@bNLC@c20040427
905    @f8@b143533-540@dG633.6@e95
    
    多项式与多位数乘除开方新法/孟凯韬著.-北京:科学普及出版社,1985
    148页;19cm
    
    
    ISBN :CNY0.73
    
●
相关链接 在E读中查询图书 在五车中查询图书 在当当中查询图书 在豆瓣中查询图书


正题名:多项式与多位数乘除开方新法     索取号:G633.6/95         预约/预借

序号 登录号 条形码 馆藏地/架位号 状态 备注
1 0143533   000245844   密集书库/ [索取号:G633.6/95] 在馆    
2 0143534   000245835   密集书库/ [索取号:G633.6/95] 在馆    
3 0143535   000245773   密集书库/ [索取号:G633.6/95] 在馆    
4 0143536   000245782   密集书库/ [索取号:G633.6/95] 在馆    
5 0143537   000245791   密集书库/ [索取号:G633.6/95] 在馆    
6 0143538   000244774   密集书库/ [索取号:G633.6/95] 在馆    
7 0143539   000245808   密集书库/ [索取号:G633.6/95] 在馆    
8 0143540   000244792   密集书库/ [索取号:G633.6/95] 在馆    
9 0143541   000244783   密集书库/ [索取号:G633.6/95] 在馆    
10 0143542   202437942   第一样本阅览室/ [索取号:G633.6/95] 在馆    
唐山师范学院图书馆 欢迎您!
大连网信软件有限公司© 版权所有